[Event "2. Bundesliga Ost 2017/2018"]
[Site "alle Wien"]
[Date "2017.10.22"]
[Round "2"]
[Board "1"]
[White "Pacher, Milan"]
[Black "Burlacu, Bogdan"]
[Result "1-0"]
[WhiteElo "2433"]
[BlackElo "2293"]
[PlyCount "76"]
[EventDate "2017.10.21"]
[EventType "team"]
[EventRounds "11"]
[EventCountry "AUT"]
[WhiteTeam "SK Austria"]
[BlackTeam "SK Mostarrichi"]

1. e4 c5 2. Nf3 d6 3. d4 cxd4 4. Nxd4 Nf6 5. Nc3 a6 6. Be3 e5 7. Nb3 Be6 8. Qd2
Be7 9. O-O-O O-O 10. f4 Ng4 11. g3 Nxe3 12. Qxe3 Nd7 13. Kb1 Qb6 14. Qxb6 Nxb6
15. Na5 Rab8 16. f5 Bd7 17. Nc4 Nxc4 18. Bxc4 Rfc8 19. Bb3 Bc6 20. g4 b5 21.
Nd5 Bh4 22. Rd3 a5 23. Rh3 Bd8 24. a3 a4 25. Ba2 b4 26. Rd1 bxa3 27. Rxa3 Kf8
28. Bc4 Bb6 29. Nxb6 Rxb6 30. Rxd6 Rb4 31. Ba6 Rc7 32. Rc3 Rb6 33. Bd3 a3 34.
b3 Ke7 35. Rd5 Bxd5 36. Rxc7+ Kd6 37. Ra7 Bb7 38. Ka2 Kc5  1-0

[Event "2. Bundesliga Ost 2017/2018"]
[Site "alle Wien"]
[Date "2017.10.22"]
[Round "2"]
[Board "2"]
[White "Ehs, Dominik"]
[Black "Hangweyrer, Manfred"]
[Result "0-1"]
[WhiteElo "2082"]
[BlackElo "2370"]
[PlyCount "96"]
[EventDate "2017.10.21"]
[EventType "team"]
[EventRounds "11"]
[EventCountry "AUT"]
[WhiteTeam "SK Mostarrichi"]
[BlackTeam "SK Austria"]

1. e4 c5 2. Nf3 Nc6 3. d4 cxd4 4. Nxd4 g6 5. Nc3 Bg7 6. Be3 Nf6 7. Nxc6 bxc6 8.
e5 Ng8 9. f4 f6 10. exf6 Nxf6 11. Be2 d5 12. O-O O-O 13. Bd4 a5 14. Na4 Ne4 15.
Bxg7 Kxg7 16. Qd4+ Kg8 17. Rad1 Rb8 18. b3 Qc7 19. c4 e6 20. g3 Bd7 21. Bf3 c5
22. Qe3 Bxa4 23. Bxe4 d4 24. Qe2 Bd7 25. Qg4 Kg7 26. h4 e5 27. f5 Kh8 28. h5
gxf5 29. Bxf5 Rxf5 30. Rxf5 Rg8 31. Qf3 e4 32. Qf4 Rxg3+ 33. Kh2 Rh3+ 34. Kg2
Qxf4 35. Rxf4 Rxh5 36. Rf7 Bg4 37. Rg1 e3 38. Kf1 Rg5 39. Rh1 h5 40. Re7 Rf5+
41. Ke1 Rf2 42. Re5 Rxa2 43. Rhxh5+ Bxh5 44. Rxh5+ Kg7 45. Rd5 Kf6 46. Kd1 Rb2
47. Ke1 Rxb3 48. Ke2 Rb2+  0-1

[Event "2. Bundesliga Ost 2017/2018"]
[Site "alle Wien"]
[Date "2017.10.22"]
[Round "2"]
[Board "3"]
[White "Sardy, Peter"]
[Black "Steiner, Heinz"]
[Result "1-0"]
[WhiteElo "2358"]
[BlackElo "2141"]
[PlyCount "59"]
[EventDate "2017.10.21"]
[EventType "team"]
[EventRounds "11"]
[EventCountry "AUT"]
[WhiteTeam "SK Austria"]
[BlackTeam "SK Mostarrichi"]

1. e4 c5 2. Nc3 e6 3. g3 a6 4. Bg2 Nc6 5. Nge2 Qc7 6. O-O Nf6 7. d4 cxd4 8.
Nxd4 Be7 9. Re1 d6 10. Nxc6 bxc6 11. e5 Nd7 12. exd6 Bxd6 13. Ne4 Be7 14. Bg5
Bxg5 15. Nxg5 Nf6 16. Qf3 Bd7 17. Qa3 Rb8 18. b3 Rb5 19. Ne4 Nxe4 20. Rxe4 a5
21. Rd1 c5 22. Ra4 O-O 23. c4 Rb4 24. Rxa5 Bc8 25. Ra7 Qe5 26. Qa5 Rb8 27. Rd8
g6 28. Rxf8+ Kxf8 29. Qd8+ Kg7 30. Qc7  1-0

[Event "2. Bundesliga Ost 2017/2018"]
[Site "alle Wien"]
[Date "2017.10.22"]
[Round "2"]
[Board "4"]
[White "Rechberger, Franz"]
[Black "Nagy, Bence"]
[Result "1/2-1/2"]
[WhiteElo "2141"]
[BlackElo "2343"]
[PlyCount "145"]
[EventDate "2017.10.21"]
[EventType "team"]
[EventRounds "11"]
[EventCountry "AUT"]
[WhiteTeam "SK Mostarrichi"]
[BlackTeam "SK Austria"]

1. d4 Nf6 2. c4 g6 3. Nc3 d5 4. Nf3 Bg7 5. Qb3 dxc4 6. Qxc4 O-O 7. e4 a6 8. Be2
b5 9. Qb3 c5 10. dxc5 Bb7 11. O-O Nxe4 12. Nxe4 Bxe4 13. Rd1 Qc7 14. a4 Qxc5
15. Be3 Qc2 16. Qxc2 Bxc2 17. Rd2 Be4 18. axb5 axb5 19. Rxa8 Bxa8 20. Bxb5 Nc6
21. Bf4 e5 22. Bxc6 exf4 23. Bxa8 Rxa8 24. h4 Rb8 25. Rc2 Rxb2 26. Rc4 Bf8 27.
h5 Kg7 28. hxg6 hxg6 29. Nd4 Bd6 30. Kf1 Bb8 31. Rc2 Rb1+ 32. Ke2 Ba7 33. Nc6
Bb6 34. Kf3 g5 35. Ne7 Rb5 36. Kg4 Bd8 37. Nf5+ Kg6 38. Rc6+ f6 39. Rc8 Rd5 40.
Ra8 Rxf5 41. Rxd8 Rc5 42. Rg8+ Kf7 43. Ra8 Rc2 44. Kf3 Kg6 45. Rg8+ Kf5 46. g4+
fxg3 47. Kxg3 g4 48. Rxg4 Rxf2 49. Ra4 Rb2 50. Ra5+ Kg6 51. Ra3 Kg5 52. Kf3 f5
53. Rc3 Rh2 54. Kg3 Rh8 55. Rc5 Rb8 56. Rc3 Rb4 57. Ra3 Rd4 58. Rb3 Rg4+ 59.
Kf3 Rh4 60. Kg3 f4+ 61. Kg2 Rh7 62. Ra3 Kg4 63. Rb3 Rd7 64. Ra3 Re7 65. Kf2 Rc7
66. Kg2 Rc2+ 67. Kf1 Rd2 68. Rb3 f3 69. Rb8 Kg3 70. Rg8+ Kf4 71. Rf8+ Kg3 72.
Rg8+ Kf4 73. Rf8+  1/2-1/2

[Event "2. Bundesliga Ost 2017/2018"]
[Site "alle Wien"]
[Date "2017.10.22"]
[Round "2"]
[Board "5"]
[White "Newrkla, Katharina"]
[Black "Gaertner, Markus"]
[Result "1-0"]
[WhiteElo "2168"]
[BlackElo "2077"]
[PlyCount "103"]
[EventDate "2017.10.21"]
[EventType "team"]
[EventRounds "11"]
[EventCountry "AUT"]
[WhiteTeam "SK Austria"]
[BlackTeam "SK Mostarrichi"]

1. e4 e5 2. Nf3 Nc6 3. d4 exd4 4. Nxd4 Nf6 5. Nxc6 bxc6 6. Qe2 Qe7 7. Nc3 d5 8.
exd5 Nxd5 9. Bd2 Qxe2+ 10. Bxe2 Bb4 11. Bf3 Bb7 12. O-O O-O 13. Nxd5 Bxd2 14.
Ne7+ Kh8 15. Bxc6 Rab8 16. Bxb7 Rxb7 17. b3 c5 18. Nf5 g6 19. Nd6 Rd7 20. Nc4
Bc3 21. Rad1 Rfd8 22. Rxd7 Rxd7 23. Ne3 Bd4 24. Rd1 Re7 25. Rd3 Kg7 26. Kf1 f5
27. c3 Bf6 28. Nd5 Rd7 29. Ke2 Be5 30. f4 Bb8 31. g3 Kf7 32. c4 Bd6 33. Nc3 Ke8
34. Nb5 Bb8 35. Rxd7 Kxd7 36. Kf3 a6 37. Nc3 Bc7 38. Nd5 Bd8 39. g4 fxg4+ 40.
Kxg4 Ke6 41. h3 h5+ 42. Kf3 Kf5 43. Ne3+ Ke6 44. Ke4 Kd6 45. Nd1 Bf6 46. Nf2
Bd4 47. Nd3 Bf6 48. Ne5 Bxe5 49. fxe5+ Ke6 50. h4 g5 51. hxg5 h4 52. g6  1-0

[Event "2. Bundesliga Ost 2017/2018"]
[Site "alle Wien"]
[Date "2017.10.22"]
[Round "2"]
[Board "6"]
[White "Poell, Markus"]
[Black "Iro, Christian"]
[Result "1-0"]
[WhiteElo "2125"]
[BlackElo "2035"]
[PlyCount "79"]
[EventDate "2017.10.21"]
[EventType "team"]
[EventRounds "11"]
[EventCountry "AUT"]
[WhiteTeam "SK Mostarrichi"]
[BlackTeam "SK Austria"]

1. d4 Nf6 2. Bf4 e6 3. e3 d5 4. Bd3 c5 5. c3 Nc6 6. Nd2 Bd6 7. Bg3 O-O 8. Ngf3
b6 9. O-O Bb7 10. Ne5 Ne7 11. Qf3 Ng6 12. Nxg6 fxg6 13. Bxd6 Qxd6 14. Qg3 Qxg3
15. hxg3 Rf7 16. Be2 Raf8 17. a4 c4 18. e4 Bc6 19. e5 Nd7 20. Nf3 h6 21. Ne1 a5
22. Nc2 Re7 23. Ne3 Rb8 24. Bf3 Rc8 25. Bd1 Nf8 26. f4 h5 27. g4 hxg4 28. Bxg4
Rb7 29. Rf2 b5 30. axb5 Rxb5 31. Bd1 Ra8 32. g4 Rb7 33. Bf3 Rab8 34. Ra2 Rb6
35. f5 gxf5 36. gxf5 a4 37. fxe6 Nxe6 38. Nxd5 R6b7 39. Ne7+ Rxe7 40. Bxc6  1-0

[Event "2. Bundesliga Ost 2017/2018"]
[Site "alle Wien"]
[Date "2017.11.18"]
[Round "3"]
[Board "1"]
[White "Burlacu, Bogdan"]
[Black "Jankovic, Alojzije"]
[Result "0-1"]
[WhiteElo "2293"]
[BlackElo "2568"]
[PlyCount "64"]
[EventDate "2017.10.21"]
[EventType "team"]
[EventRounds "11"]
[EventCountry "AUT"]
[WhiteTeam "SK Mostarrichi"]
[BlackTeam "SK Advisory Invest Baden"]

1. Nf3 Nf6 2. g3 g6 3. Bg2 Bg7 4. O-O O-O 5. d4 d5 6. Nbd2 c6 7. b3 Bf5 8. Bb2
Qa5 9. Ne5 Nbd7 10. Nd3 Ne4 11. b4 Qc7 12. Nxe4 Bxe4 13. f3 Bxd3 14. Qxd3 Qb6
15. e3 Qxb4 16. Ba3 Qa4 17. Rfb1 Nb6 18. Bc5 Rfe8 19. Bxb6 axb6 20. Rxb6 e5 21.
c3 exd4 22. exd4 c5 23. f4 cxd4 24. Bxd5 dxc3 25. Rxb7 Red8 26. Kg2 Qc6 27.
Bxc6 Rxd3 28. Rd7 Rxd7 29. Bxd7 Bf8 30. a4 Rd8 31. Bc6 c2 32. Be4 Rd1  0-1

[Event "2. Bundesliga Ost 2017/2018"]
[Site "alle Wien"]
[Date "2017.11.18"]
[Round "3"]
[Board "2"]
[White "Sharashenidze, Akaki"]
[Black "Ehs, Dominik"]
[Result "1-0"]
[WhiteElo "2351"]
[BlackElo "2082"]
[PlyCount "139"]
[EventDate "2017.10.21"]
[EventType "team"]
[EventRounds "11"]
[EventCountry "AUT"]
[WhiteTeam "SK Advisory Invest Baden"]
[BlackTeam "SK Mostarrichi"]

1. e4 c5 2. Nf3 e6 3. c3 Nf6 4. e5 Nd5 5. d4 cxd4 6. cxd4 b6 7. Nc3 Nxc3 8.
bxc3 Qc7 9. Bd2 Bb7 10. Bd3 d6 11. O-O Nd7 12. Re1 Be7 13. Bf4 h6 14. Rc1 O-O
15. Bb1 Rfe8 16. Qd3 Nf8 17. Qe3 Bxf3 18. Qxf3 dxe5 19. dxe5 Bg5 20. Bxg5 hxg5
21. Qg3 Qe7 22. Re4 f5 23. exf6 gxf6 24. Rg4 Qa3 25. Qe3 Qc5 26. Qxc5 bxc5 27.
h4 Nd7 28. hxg5 f5 29. Ra4 Nb6 30. Ra5 c4 31. Kh2 Red8 32. Re5 Kf7 33. Kg3 Rd5
34. Re2 Rad8 35. Rce1 R8d6 36. g6+ Kxg6 37. Rxe6+ Rxe6 38. Rxe6+ Kf7 39. Rc6
Rb5 40. Bc2 Ra5 41. a4 Nxa4 42. Rxc4 Nb6 43. Rc6 Ke7 44. Kf3 Nd5 45. Bb3 Nb6
46. Kf4 Kd7 47. Rf6 Ra3 48. Bg8 Ke8 49. Rxf5 Rxc3 50. g4 Nc8 51. Ra5 Ne7 52.
Bh7 Nc6 53. Ra6 Rc4+ 54. Kg3 Kf8 55. f3 Rc3 56. Be4 Nd4 57. Rxa7 Ne2+ 58. Kf2
Nd4 59. Ra6 Nb5 60. Rb6 Nc7 61. Rc6 Rxc6 62. Bxc6 Kg7 63. Kg3 Ne6 64. Bd5 Nc7
65. Bc4 Ne8 66. f4 Kf6 67. g5+ Ke7 68. Kg4 Ng7 69. f5 Ne8 70. Bb3  1-0

[Event "2. Bundesliga Ost 2017/2018"]
[Site "alle Wien"]
[Date "2017.11.18"]
[Round "3"]
[Board "3"]
[White "Steiner, Heinz"]
[Black "Ly, Dominik"]
[Result "0-1"]
[WhiteElo "2141"]
[BlackElo "2286"]
[PlyCount "82"]
[EventDate "2017.10.21"]
[EventType "team"]
[EventRounds "11"]
[EventCountry "AUT"]
[WhiteTeam "SK Mostarrichi"]
[BlackTeam "SK Advisory Invest Baden"]

1. d4 d5 2. Nf3 Nf6 3. Bg5 Ne4 4. Bf4 c5 5. e3 Nc6 6. c3 cxd4 7. exd4 g6 8. Bd3
Bg7 9. O-O O-O 10. Re1 f5 11. Qc2 h6 12. h4 e6 13. b4 a6 14. a4 Bd7 15. b5 axb5
16. Bxb5 g5 17. Bxc6 Bxc6 18. Be5 g4 19. Bxg7 Kxg7 20. Ne5 Qxh4 21. g3 Qh3 22.
Qe2 Rxa4 23. Rxa4 Bxa4 24. Qe3 Rc8 25. c4 dxc4 26. Qa3 Ng5 27. Qxa4 Rc7 28. Qd1
h5 29. Re3 h4 30. Nc3 Kf6 31. d5 Rh7 32. Qd4 hxg3 33. Nxg4+ Kg6 34. Qf6+ Kh5
35. Ne2 gxf2+ 36. Kxf2 Qxg4 37. Ke1 Qh4+ 38. Ng3+ Kg4 39. Ke2 Qh2+ 40. Kd1 Qg1+
41. Ke2 Rh2#  0-1

[Event "2. Bundesliga Ost 2017/2018"]
[Site "alle Wien"]
[Date "2017.11.18"]
[Round "3"]
[Board "4"]
[White "Hofegger, Jakob"]
[Black "Rechberger, Franz"]
[Result "1-0"]
[WhiteElo "2117"]
[BlackElo "2141"]
[PlyCount "67"]
[EventDate "2017.10.21"]
[EventType "team"]
[EventRounds "11"]
[EventCountry "AUT"]
[WhiteTeam "SK Advisory Invest Baden"]
[BlackTeam "SK Mostarrichi"]

1. Nf3 Nf6 2. g3 c5 3. Bg2 Nc6 4. O-O g6 5. Re1 Bg7 6. c3 O-O 7. e4 e5 8. d4
cxd4 9. cxd4 exd4 10. Nxd4 d5 11. Nxc6 bxc6 12. Nc3 Bg4 13. f3 Be6 14. e5 Nd7
15. f4 Rb8 16. Na4 f6 17. exf6 Qxf6 18. Be3 a5 19. Rc1 Rfc8 20. b3 Bf8 21. Bd4
Qf7 22. Nc5 Nxc5 23. Bxc5 Bg7 24. Bd4 Bf8 25. Qe2 Bf5 26. Qe5 Bg7 27. Qxg7+
Qxg7 28. Bxg7 Kxg7 29. Re7+ Kf6 30. Ra7 Ke6 31. Rxa5 Kd6 32. Kf2 Ra8 33. Rcc5
Re8 34. Rxc6+  1-0

[Event "2. Bundesliga Ost 2017/2018"]
[Site "alle Wien"]
[Date "2017.11.18"]
[Round "3"]
[Board "5"]
[White "Gaertner, Markus"]
[Black "Herndlbauer, Martin"]
[Result "1-0"]
[WhiteElo "2077"]
[BlackElo "2079"]
[PlyCount "57"]
[EventDate "2017.10.21"]
[EventType "team"]
[EventRounds "11"]
[EventCountry "AUT"]
[WhiteTeam "SK Mostarrichi"]
[BlackTeam "SK Advisory Invest Baden"]

1. d4 d5 2. c4 c6 3. Nc3 Nf6 4. Nf3 dxc4 5. a4 Bf5 6. e3 e6 7. Bxc4 Bb4 8. O-O
Nbd7 9. Qe2 Bg6 10. Ne5 Bh5 11. f3 Nxe5 12. dxe5 Nd7 13. g4 Bg6 14. f4 Qh4 15.
e4 Bc5+ 16. Kh1 h5 17. g5 Qg4 18. Qc2 O-O-O 19. Be2 Qh4 20. Bd2 Bf2 21. Kg2
Nxe5 22. fxe5 Bd4 23. Bf4 f6 24. gxf6 gxf6 25. Bg3 Qg5 26. h4 Qh6 27. Rxf6 Rhg8
28. Kh2 Qe3 29. Qc1  1-0

[Event "2. Bundesliga Ost 2017/2018"]
[Site "alle Wien"]
[Date "2017.11.18"]
[Round "3"]
[Board "6"]
[White "Varga, Johannes"]
[Black "Poell, Markus"]
[Result "1-0"]
[WhiteElo "1876"]
[BlackElo "2125"]
[PlyCount "69"]
[EventDate "2017.10.21"]
[EventType "team"]
[EventRounds "11"]
[EventCountry "AUT"]
[WhiteTeam "SK Advisory Invest Baden"]
[BlackTeam "SK Mostarrichi"]

1. d4 d5 2. Nf3 Nf6 3. c4 c6 4. Nc3 e6 5. Bg5 Be7 6. e3 O-O 7. Bd3 Nbd7 8. O-O
a6 9. Rc1 dxc4 10. Bxc4 c5 11. Qe2 b5 12. Bd3 Bb7 13. Rfd1 c4 14. Bc2 Nd5 15.
Bxe7 Qxe7 16. Ne4 f5 17. Ng3 f4 18. Ne4 fxe3 19. fxe3 N5f6 20. Ng3 Ng4 21. Rf1
Nh6 22. b3 Rac8 23. bxc4 Rxc4 24. Bb3 Rxc1 25. Rxc1 Kh8 26. Rc7 Bxf3 27. gxf3
Qd6 28. Qc2 Rxf3 29. Ne4 Qb4 30. Nd2 Rf7 31. Bxe6 Rf6 32. Bxd7 Rg6+ 33. Kh1 Qe7
34. Qe4 Qg5 35. Rc8+  1-0

[Event "2. Bundesliga Ost 2017/2018"]
[Site "alle Wien"]
[Date "2017.11.18"]
[Round "3"]
[Board "1"]
[White "Videki, Sandor"]
[Black "Pacher, Milan"]
[Result "1/2-1/2"]
[WhiteElo "2416"]
[BlackElo "2433"]
[PlyCount "118"]
[EventDate "2017.10.21"]
[EventType "team"]
[EventRounds "11"]
[EventCountry "AUT"]
[WhiteTeam "SC Data Technology Pressbaum/E."]
[BlackTeam "SK Austria"]

1. e4 e5 2. Nf3 Nc6 3. Bc4 Bc5 4. c3 Nf6 5. d3 d6 6. a4 a5 7. h3 h6 8. O-O O-O
9. Re1 Ne7 10. Na3 Ng6 11. Nc2 c6 12. Ba2 Bb6 13. d4 exd4 14. Ncxd4 Re8 15. Bb1
Nh5 16. Nf5 Bxf5 17. exf5 Rxe1+ 18. Qxe1 Ne5 19. Nxe5 dxe5 20. Bc2 Qd5 21. Qe2
Nf6 22. Be3 Bxe3 23. Qxe3 e4 24. g4 Re8 25. Rd1 Qe5 26. Bb3 h5 27. g5 Nd5 28.
Bxd5 cxd5 29. f6 gxf6 30. gxf6 Kh7 31. Kf1 Qf5 32. Rd4 Re6 33. c4 dxc4 34. Rxc4
b5 35. axb5 Qxb5 36. b3 Kg6 37. Kg1 Qg5+ 38. Qxg5+ Kxg5 39. Rc5+ Kf4 40. Rxa5
Rxf6 41. Rxh5 Rg6+ 42. Kf1 f5 43. b4 Ra6 44. Kg2 Ra2 45. Rh4+ Kg5 46. Rh8 Rb2
47. Rg8+ Kf4 48. Rg3 Rxb4 49. Ra3 Rb8 50. Kf1 Rb5 51. Kg2 Rd5 52. Rb3 Rd2 53.
Kf1 Kg5 54. Ke1 Ra2 55. f3 e3 56. Rxe3 Kf4 57. Rb3 Rh2 58. Kf1 Rxh3 59. Kg2
Rg3+  1/2-1/2

[Event "2. Bundesliga Ost 2017/2018"]
[Site "alle Wien"]
[Date "2017.11.18"]
[Round "3"]
[Board "2"]
[White "Hangweyrer, Manfred"]
[Black "Rumpl, Erwin"]
[Result "0-1"]
[WhiteElo "2370"]
[BlackElo "2267"]
[PlyCount "126"]
[EventDate "2017.10.21"]
[EventType "team"]
[EventRounds "11"]
[EventCountry "AUT"]
[WhiteTeam "SK Austria"]
[BlackTeam "SC Data Technology Pressbaum/E."]

1. e4 e6 2. d4 b6 3. Nf3 Bb7 4. Bd3 d5 5. exd5 Qxd5 6. Nc3 Qd8 7. O-O Nf6 8.
Bg5 Be7 9. Bxf6 Bxf6 10. Ne4 Nd7 11. Qe2 O-O 12. Rad1 Qe7 13. Rfe1 c5 14. Nxf6+
Qxf6 15. Ne5 Nxe5 16. dxe5 Qg5 17. Qf1 Rad8 18. f4 Qe7 19. f5 exf5 20. Qxf5 g6
21. Qf6 Qe6 22. b3 Qg4 23. Rd2 Ba6 24. Re4 Qe6 25. Re3 Qxf6 26. exf6 Rd6 27.
Rf2 Bxd3 28. cxd3 Rfd8 29. Rff3 h5 30. Kf2 Kf8 31. Ke2 Re8 32. Re4 Ree6 33.
Rxe6 Rxe6+ 34. Kd2 Ke8 35. Rf2 Kd7 36. Kc3 Rd6 37. a4 Ke6 38. Rf4 g5 39. Rf3
Ke5 40. b4 cxb4+ 41. Kxb4 Rd4+ 42. Kb5 g4 43. Rf2 Rxd3 44. Ka6 Ra3 45. Kxa7
Rxa4+ 46. Kxb6 Rf4 47. Re2+ Kxf6 48. Kc5 Kg5 49. Kd5 h4 50. Ke5 g3 51. hxg3
hxg3 52. Re3 Kg4 53. Re4 f6+ 54. Kd4 Kf5 55. Rxf4+ Kxf4 56. Kd3 Ke5 57. Ke3 f5
58. Kf3 f4 59. Ke2 Ke4 60. Ke1 Ke3 61. Kf1 Kd2 62. Kg1 Ke2 63. Kh1 f3  0-1

[Event "2. Bundesliga Ost 2017/2018"]
[Site "alle Wien"]
[Date "2017.11.18"]
[Round "3"]
[Board "3"]
[White "Neumeier, Klaus"]
[Black "Sardy, Peter"]
[Result "1-0"]
[WhiteElo "2302"]
[BlackElo "2358"]
[PlyCount "77"]
[EventDate "2017.10.21"]
[EventType "team"]
[EventRounds "11"]
[EventCountry "AUT"]
[WhiteTeam "SC Data Technology Pressbaum/E."]
[BlackTeam "SK Austria"]

1. Nf3 d6 2. d4 g6 3. g3 Nf6 4. Bg2 Bg7 5. O-O O-O 6. c4 Bf5 7. Nc3 Ne4 8. Nd5
c6 9. Ne3 Bc8 10. Qc2 f5 11. b3 a5 12. a3 Na6 13. Bb2 Bh6 14. Bc1 Bg7 15. Bb2
Bh6 16. Bc1 Qe8 17. Ne1 e5 18. dxe5 Qxe5 19. Ng4 fxg4 20. Bxh6 Qxa1 21. Bxe4
Bf5 22. Bxf8 Rxf8 23. Bxf5 Rxf5 24. Ng2 Qxa3 25. Ne3 Rg5 26. Qe4 Re5 27. Qxg4
Qxb3 28. Qc8+ Kf7 29. Qd7+ Re7 30. Qxd6 a4 31. Ng4 a3 32. Nh6+ Ke8 33. Rd1 Qb6
34. Qf6 Qb2 35. Qd6 Qb6 36. c5 Qc7 37. Qd4 Re6 38. Qh8+ Ke7 39. Qg7+  1-0

[Event "2. Bundesliga Ost 2017/2018"]
[Site "alle Wien"]
[Date "2017.11.18"]
[Round "3"]
[Board "4"]
[White "Nagy, Bence"]
[Black "Hechl, Gerald"]
[Result "1-0"]
[WhiteElo "2343"]
[BlackElo "2325"]
[PlyCount "101"]
[EventDate "2017.10.21"]
[EventType "team"]
[EventRounds "11"]
[EventCountry "AUT"]
[WhiteTeam "SK Austria"]
[BlackTeam "SC Data Technology Pressbaum/E."]

1. e4 d5 2. exd5 Qxd5 3. Nc3 Qd8 4. d4 Nf6 5. Bf4 c6 6. Qd2 Bf5 7. Nf3 e6 8. h3
Bb4 9. Bd3 Ne4 10. Bxe4 Bxe4 11. Ne5 Nd7 12. O-O Nxe5 13. Bxe5 O-O 14. a3 Bxc3
15. Qxc3 Qg5 16. f3 Bg6 17. Rac1 Rad8 18. Qc5 Rd5 19. Qb4 c5 20. Qxb7 cxd4 21.
f4 Qd8 22. c3 d3 23. Bd4 Rxd4 24. cxd4 Qxd4+ 25. Rf2 Qe3 26. Rc8 h5 27. Rxf8+
Kxf8 28. Qb8+ Ke7 29. Qc7+ Ke8 30. Qc8+ Ke7 31. Qc7+ Ke8 32. Qe5 Qb6 33. Qc3 a5
34. b4 axb4 35. Qxb4 Qe3 36. Qd2 Qc5 37. Qb2 Be4 38. Qb8+ Kd7 39. Qb4 Qe3 40.
a4 Bc6 41. a5 h4 42. Qb6 Qxb6 43. axb6 Kc8 44. Rb2 Kb7 45. Kf2 d2 46. Rxd2 Kxb6
47. Rd8 Kc5 48. Rf8 f6 49. Rf7 Kd4 50. Rxg7 Ke4 51. Rg4  1-0

[Event "2. Bundesliga Ost 2017/2018"]
[Site "alle Wien"]
[Date "2017.11.18"]
[Round "3"]
[Board "5"]
[White "Weissenbeck, Manuel"]
[Black "Newrkla, Katharina"]
[Result "1-0"]
[WhiteElo "2268"]
[BlackElo "2168"]
[PlyCount "131"]
[EventDate "2017.10.21"]
[EventType "team"]
[EventRounds "11"]
[EventCountry "AUT"]
[WhiteTeam "SC Data Technology Pressbaum/E."]
[BlackTeam "SK Austria"]

1. d4 Nf6 2. Nf3 g6 3. c4 Bg7 4. Nc3 O-O 5. e4 d6 6. Be2 e5 7. O-O Nc6 8. d5
Ne7 9. b4 a5 10. Ba3 axb4 11. Bxb4 b6 12. a4 Re8 13. Re1 Bf8 14. Bf1 c5 15.
dxc6 Nxc6 16. Ba3 Bg4 17. h3 Bxf3 18. Qxf3 Nd4 19. Qd1 Nd7 20. Nb5 Nc5 21. Bb2
Nde6 22. Ra3 Ra6 23. Qc2 Qa8 24. Nc3 Rb8 25. Qd1 Qc6 26. Bd3 Nxd3 27. Qxd3 Nf4
28. Qf1 Rc8 29. c5 bxc5 30. Qc4 Rb8 31. Nb5 Ne6 32. Rb1 Ng5 33. f3 Ne6 34. Rb3
Rba8 35. Ra1 Bh6 36. Kf2 Nd4 37. Bxd4 cxd4 38. Qxc6 Rxc6 39. Ra2 Ra5 40. Ke2
Kf8 41. Rb4 Ke7 42. Kd3 Kd7 43. Rc4 Rxc4 44. Kxc4 Ra6 45. a5 Bg5 46. Kb4 Bd8
47. Ra4 Bh4 48. Ra1 Bd8 49. Ra4 d3 50. Kc3 Rxa5 51. Rxa5 Bxa5+ 52. Kxd3 Ke6 53.
Kc4 f5 54. Na7 Bb6 55. Nb5 Bc5 56. Nc7+ Kf6 57. Kd5 Kg5 58. Ne6+ Kf6 59. Nxc5
dxc5 60. Kxc5 Kg5 61. g3 f4 62. h4+ Kh5 63. gxf4 exf4 64. e5 g5 65. e6 Kg6 66.
hxg5  1-0

[Event "2. Bundesliga Ost 2017/2018"]
[Site "alle Wien"]
[Date "2017.11.18"]
[Round "3"]
[Board "6"]
[White "Higatsberger, Michael"]
[Black "Lucaci, Marius"]
[Result "0-1"]
[WhiteElo "2121"]
[BlackElo "2187"]
[PlyCount "60"]
[EventDate "2017.10.21"]
[EventType "team"]
[EventRounds "11"]
[EventCountry "AUT"]
[WhiteTeam "SK Austria"]
[BlackTeam "SC Data Technology Pressbaum/E."]

1. e4 e6 2. d4 d5 3. Nc3 Nf6 4. Bg5 Be7 5. e5 Nfd7 6. h4 O-O 7. Qg4 f5 8. Qg3
c5 9. Nf3 Nc6 10. dxc5 Nxc5 11. O-O-O Bd7 12. Bh6 Rf7 13. Ng5 Bxg5+ 14. Bxg5
Qa5 15. Qf4 d4 16. Rxd4 Nxd4 17. Qxd4 Rc8 18. f3 Na4 19. Nxa4 Bxa4 20. Bc4 Qc7
21. b3 Bb5 22. Rd1 Bxc4 23. bxc4 Qxc4 24. Qxc4 Rxc4 25. Rd8+ Rf8 26. Rd7 Rfc8
27. Rxb7 Rxc2+ 28. Kb1 Rxg2 29. Rxa7 h6 30. Be7 Rc3  0-1

[Event "2. Bundesliga Ost 2017/2018"]
[Site "alle Wien"]
[Date "2017.11.18"]
[Round "3"]
[Board "1"]
[White "Sadilek, Peter"]
[Black "Jovanovic, Dusan"]
[Result "1/2-1/2"]
[WhiteElo "2298"]
[BlackElo "2379"]
[PlyCount "56"]
[EventDate "2017.10.21"]
[EventType "team"]
[EventRounds "11"]
[EventCountry "AUT"]
[WhiteTeam "tschaturanga"]
[BlackTeam "SK Sparkasse Bad Voeslau"]

1. Nf3 Nf6 2. c4 e6 3. g3 b6 4. Bg2 Bb7 5. O-O c5 6. Nc3 d6 7. d4 cxd4 8. Qxd4
a6 9. Bg5 Be7 10. Rfd1 Nbd7 11. Bxf6 Nxf6 12. Na4 Rb8 13. c5 dxc5 14. Qe5 Bd5
15. e4 Nxe4 16. Qxg7 Bf6 17. Qh6 Qe7 18. Rac1 c4 19. h4 b5 20. Nc3 Nxc3 21.
bxc3 Rd8 22. a4 Rg8 23. axb5 axb5 24. Qxh7 Kf8 25. Qh6+ Rg7 26. Qh8+ Rg8 27.
Qh6+ Rg7 28. Qh8+ Rg8  1/2-1/2

[Event "2. Bundesliga Ost 2017/2018"]
[Site "alle Wien"]
[Date "2017.11.18"]
[Round "3"]
[Board "2"]
[White "Juhasz, Armin"]
[Black "Kreindl, Helmut"]
[Result "1-0"]
[WhiteElo "2363"]
[BlackElo "2189"]
[PlyCount "57"]
[EventDate "2017.10.21"]
[EventType "team"]
[EventRounds "11"]
[EventCountry "AUT"]
[WhiteTeam "SK Sparkasse Bad Voeslau"]
[BlackTeam "tschaturanga"]

1. d4 d5 2. c4 e6 3. Nc3 Nf6 4. Nf3 Be7 5. g3 O-O 6. Bg2 c6 7. O-O Nbd7 8. Qd3
b6 9. Rd1 Bb7 10. e4 dxe4 11. Nxe4 Nxe4 12. Qxe4 Qc8 13. Qe2 Re8 14. Bf4 c5 15.
dxc5 bxc5 16. Bd6 Qc6 17. Bxe7 Rxe7 18. Nh4 Qc7 19. Bxb7 Qxb7 20. Nf5 Ree8 21.
Nd6 Qc7 22. Nxe8 Rxe8 23. Rd2 Nf6 24. Rad1 h5 25. Qf3 e5 26. Rd6 e4 27. Qf4 Qe7
28. Qg5 Rc8 29. Qf5  1-0

[Event "2. Bundesliga Ost 2017/2018"]
[Site "alle Wien"]
[Date "2017.11.18"]
[Round "3"]
[Board "3"]
[White "Morgunov, Marc"]
[Black "Juhasz, Kristof"]
[Result "0-1"]
[WhiteElo "2203"]
[BlackElo "2404"]
[PlyCount "68"]
[EventDate "2017.10.21"]
[EventType "team"]
[EventRounds "11"]
[EventCountry "AUT"]
[WhiteTeam "tschaturanga"]
[BlackTeam "SK Sparkasse Bad Voeslau"]

1. e4 d6 2. d4 Nf6 3. Nc3 e5 4. Nf3 Nbd7 5. Bc4 Be7 6. O-O O-O 7. Re1 c6 8. a4
exd4 9. Nxd4 Ne5 10. Ba2 Re8 11. f3 Bf8 12. Be3 Be6 13. Nxe6 fxe6 14. Bd4 Ng6
15. Kh1 d5 16. Bxf6 gxf6 17. exd5 exd5 18. Ne2 Qb6 19. c4 dxc4 20. Bxc4+ Kh8
21. Qc2 Rad8 22. Bf7 Qf2 23. Bxe8 Rxe8 24. Qd1 Bb4 25. Nc3 Rxe1+ 26. Qxe1 Qxb2
27. Rc1 Nf4 28. Qe8+ Kg7 29. Qd7+ Kh6 30. Rg1 Bxc3 31. Qf5 Qd2 32. g4 Ng6 33.
Rg2 Qd5 34. Rc2 Qd1+  0-1

[Event "2. Bundesliga Ost 2017/2018"]
[Site "alle Wien"]
[Date "2017.11.18"]
[Round "3"]
[Board "4"]
[White "Plachetka, Jan"]
[Black "Sadilek, Maximilian"]
[Result "0-1"]
[WhiteElo "2314"]
[BlackElo "2271"]
[PlyCount "34"]
[EventDate "2017.10.21"]
[EventType "team"]
[EventRounds "11"]
[EventCountry "AUT"]
[WhiteTeam "SK Sparkasse Bad Voeslau"]
[BlackTeam "tschaturanga"]

1. c4 e5 2. Nf3 e4 3. Nd4 Nf6 4. Nc3 Nc6 5. Nxc6 dxc6 6. Qc2 Bf5 7. f3 Bc5 8.
g4 Bg6 9. g5 exf3 10. d3 Ne4 11. Nxe4 Bxe4 12. e3 f2+ 13. Qxf2 Bxh1 14. Bd2
Qxg5 15. O-O-O O-O 16. h4 Qg4 17. b4 Bf3  0-1